| 000 | 00797cam a22002291 4500 | ||
|---|---|---|---|
| 001 | e 57000026 | ||
| 003 | DLC | ||
| 005 | 20260227111236.0 | ||
| 008 | 820623m19uuuuuudcua s 000 0 eng c | ||
| 010 | _ae 57000026 | ||
| 035 | _a(OCoLC)16764475 | ||
| 040 |
_aU.S. Dept. of Education _cOrPS _dDLC |
||
| 042 | _apremarc | ||
| 050 | 0 | 0 |
_aL111 _b.A72 subser. |
| 051 |
_aLB2331 _b.U7 _c2d set. |
||
| 110 | 1 |
_aUnited States. _bOffice of Education. |
|
| 245 | 1 | 0 | _aFaculty and other professional staff in institutions of higher education. |
| 260 |
_aWashington : _bU.S. Department of Health, Education, and Welfare, Office of Education, _c1963. |
||
| 300 |
_av. : _btables ; _c26 cm. |
||
| 440 | 0 |
_aCircular (United States. Office of Education) ; _vno. 714- |
|
| 650 | 0 |
_aCollege teachers _vStatistics. |
|
| 999 |
_c22273 _d22273 |
||